00493 a2200109 4500001000900000005001700009008004100026245021100067100001800278773007000296999001700366ART_679220260410161719.0260409a 10aLa investigación contable. Similitudes y diferencias entre la investigación teórica universitaria y la investigación que realizan los organismos emisores de las normas. Monismo y Pluralismo Contable1 aBiondi, Mario0 tContabilidad y auditoríag- Año 3, Nº 6 (oct. 1997)wREV1723 c16807d16807